Unshaken - D'Angelo Red Dead Redemption II - Statistics

General Stats
  • This quiz has been taken 28 times
  • The average score is 128 of 229
Answer Stats
Answer % Correct
a
100%
I
100%
Stand
95%
stand
95%
unshaken
95%
may
91%
crash
86%
who
86%
world
86%
of
82%
am
73%
amid
68%
the
68%
thunder
59%
he
55%
amidst
50%
did
45%
hear
45%
can
41%
can't
36%
quite
36%
remember
36%
what
36%
you
36%
be
32%
just
32%
me
32%
guided
27%
oh
27%
they
27%
way
27%
my
23%
this
23%
against
18%
deep
18%
drinks
18%
from
18%
know
18%
light
18%
no
18%
often
18%
to
18%
water
18%
been
14%
by
14%
crossroads
14%
depths
14%
feel
14%
morning
14%
once
14%
pines
14%
see
14%
seen
14%
standing
14%
tall
14%
tell
14%
tongue
14%
traveler
14%
wall
14%
was
14%
well
14%
when
14%
where
14%
whisper
14%
back's
9%
but
9%
comes
9%
gun
9%
have
9%
hunted
9%
hunter
9%
it
9%
Mm
9%
not
9%
now
9%
ooh
9%
pray
9%
smoking
9%
son
9%
there
9%
wander
9%
wayward
9%
as
5%
could
5%
will
5%
here
0%
No matching quizzes found
Score Distribution
Percent of People with Each Score
Percentile by Number Answered
Your Score History
You have not taken this quiz